000 004280000a22001570004500
003 LK-CoMWRAF
008 230817t ||||| |||| 00| 0 eng d
040 _aLK-CoMWRAF
_dLK-CoMWRAF
_eLK-CoMWRAF
041 _aeng
082 _a500
_bWOM
245 _aWomen in the Qur'an
_binformation kit prepared for women living under muslim laws
260 _aKarachi
_bShirkat Gah
300 _ap.119
650 _awomen & Islam
942 _cBK
999 _c836
_d836